El paraíso perdido
Enregistré dans:
| Auteur principal: | |
|---|---|
| Format: | Livre |
| Langue: | espagnol |
| Publié: |
Buenos Aires
Espasa-Calpe
1951
|
| Édition: | 2a. ed |
| Collection: | Colección Austral,103
|
| Sujets: | |
| Tags: |
Ajouter un tag
Pas de tags, Soyez le premier à ajouter un tag!
|
MARC
| LEADER | 00000cam a2200000 a 4500 | ||
|---|---|---|---|
| 001 | UCC1252 | ||
| 003 | CL-VaPUC | ||
| 008 | 171020e19510000ag |||||||||||||||||spa|d | ||
| 082 | 0 | 4 | |a 823 |b MIL |2 21 |
| 100 | |a Milton, John |e autor |9 337433 | ||
| 245 | 1 | 3 | |a El paraíso perdido |
| 250 | |a 2a. ed | ||
| 300 | |a 307 p | ||
| 942 | |c BK | ||
| 945 | |d 20171020 15:16:00 |a dcastane | ||
| 260 | |a Buenos Aires |b Espasa-Calpe |c 1951 | ||
| 650 | 0 | |a Novelas inglesas |9 265220 | |
| 650 | 0 | |a Literatura inglesa |9 312907 | |
| 583 | |a last modification |c 20171020 15:16:00 |k Rodrigo Vera | ||
| 490 | 0 | |a Colección Austral,103 | |
| 999 | |c 369812 |d 369810 | ||
| 952 | |0 0 |1 0 |3 erb |4 0 |6 823_000000000000000_MIL_1951 |7 0 |8 A |9 485947 |a BIBEDU |b BIBEDU |i 5429420 |o 823 MIL 1951 |p 5429420 |r 2019-11-24 |w 2019-11-24 |y BK |z Catalogado en:20171020 |k CIT | ||